| 000 | 01796cam a22004574i 4500 | ||
|---|---|---|---|
| 003 | PE-LiUPU | ||
| 005 | 20250731173103.0 | ||
| 008 | 150623s1999 inua rb 000 0 eng d | ||
| 020 | _a1575060248 | ||
| 035 | _a(Sirsi) i9781575060248 | ||
| 040 |
_aPE-LiUPU _bspa _cPE-LiUPU _erda |
||
| 049 | _aPRUA | ||
| 082 | 0 | 4 |
_a291.218 _bB14 _221 |
| 100 | 1 |
_aDick, Michael B., _eautor. |
|
| 245 | 1 | 0 |
_aBorn in heaven, made on earth : _bthe making of the cult image in the ancient near east / _cMichael B. Dick. |
| 264 | 1 |
_aWinona Lake, Indiana : _bEisenbrauns, _c1999. |
|
| 300 |
_a243 páginas : _bilustraciones, fotos, gráficos ; _c26 centímetros |
||
| 336 |
_atext _2rdacontent |
||
| 337 |
_aunmediated _2rdamedia |
||
| 338 |
_avolume _2rdacarrier |
||
| 504 | _aIncluye bibliografía. | ||
| 505 | 0 | _aProphetic parodies of making the cult image -- The induction of the cult image in ancient Mesopotamia: the Mesopotamia mis spiritual -- The theology of cult statues in ancient Egypt -- The divine image in contemporary south India: the reaissance of a once maligned tradition. | |
| 526 | _aSEG42 | ||
| 526 | _aSEG41 | ||
| 526 | _aSEG40 | ||
| 526 | _aSEG39 | ||
| 526 | _aP94 | ||
| 526 | _aP87 | ||
| 526 | _aP86 | ||
| 526 | _aP85 | ||
| 526 | _aP77 | ||
| 526 | _aP76 | ||
| 526 | _aP35 | ||
| 650 | 0 | 4 |
_aIdolos e imágenes _zCercano Oriente. |
| 942 |
_2ddc _cBOOK |
||
| 949 |
_a291.218 B14 _wDEWEY _c1 _i49115 _lCCODEBUL1 _mBUL _r0 _sY _tBOOK _u2015-6-24 _xTEOLOGIA _PP35 _0COMPRA _o.STAFF. Colección Teología |
||
| 994 |
_aC0 _bPEPRU |
||
| 596 | _a1 | ||
| 999 |
_a291.218 B14 _wDEWEY _c28260 _i49115 _f2021-11-11 _g5 _lCCODEBUL1 _mBUL _p50.00 _r0 _sY _tBOOK _u2015-6-24 _xTEOLOGIA _PP35 _0COMPRA _o.STAFF. Colección Teología _d28260 |
||
| 980 |
_81 _gALBERTO SANCHEZ Responsable de Automatización |
||